Текст томруулах:    
Joel Chandler Harris (Uncle Remus) Plantation Storyteller (Бичлэгийн дугаар. 145044)
000 -УДИРДЛАГА
Удирдлага 01549 a2200541 4500
003 - ХЯНАЛТЫН ТОО ТОДОРХОЙЛОГЧ
Код MN-UlNUM
005 - БИЧИЛТ ХИЙСЭН ОГНОО
Тухайн бичилтийг бичсэн засварласан сүүлийн огноо 20251027173335.0
008 - ЕРӨНХИЙ МЭДЭЭЛЭЛ
Ерөнхий мэдээлэл 110605s1957 nyu b 000 0 eng d
040 ## - БИЧЛЭГ ҮҮСГЭГЧ БАЙГУУЛЛАГА
Бичлэг үүсгэгч номын сангийн код МУИС-ийн номын сан
084 ## - ББК АНГИЛАЛ
ББК ангилал 83
Зохиогчийн гурван тэмдэгт A 45
Нэмэлт тусгалт Нэг сэдэвт бүтээл
Мэдлэгийн ялгаа 83 - Утга зохиол судлал
100 ## - ЗОХИОГЧ
Зохиогчийн нэр Alvin F. Harlow
245 00 - ҮНДСЭН ГАРЧИГ
Номын нэр Joel Chandler Harris (Uncle Remus) Plantation Storyteller
250 ## - ДАХИН ХЭВЛЭЛТ
Дахин гаралтын дугаар 8th ed.
260 ## - ГАРАЛТЫН МЭДЭЭ
Хэвлэгдсэн газар New York, NY :
Хэвлэлийн газар Julian Messner, Inc.
Хэвлэгдсэн он 1957
300 ## - МАТЕРИАЛЫН ТОДОРХОЙЛОЛТ
хуудасны тоо ix, 278 p. ;
500 ## - Тайлбар
Дансны дугаар БС 5573
546 ## - ХЭЛНИЙ ТУХАЙ МЭДЭЭ
Хэл Англи хэл дээр,
653 ## - Түлхүүр үг
Түлхүүр үг politics and government
653 ## - Түлхүүр үг
Түлхүүр үг United States political and government
653 ## - Түлхүүр үг
Түлхүүр үг American political process
653 ## - Түлхүүр үг
Түлхүүр үг public policy
653 ## - Түлхүүр үг
Түлхүүр үг social change
740 ## - НОМЫН ГАРЧИГ
Гарчиг Old sis goose
740 ## - НОМЫН ГАРЧИГ
Гарчиг Little Red-Head
740 ## - НОМЫН ГАРЧИГ
Гарчиг The old scrapbook
740 ## - НОМЫН ГАРЧИГ
Гарчиг Joel answers a "Want Ad"
740 ## - НОМЫН ГАРЧИГ
Гарчиг The new employer
740 ## - НОМЫН ГАРЧИГ
Гарчиг The young printer
740 ## - НОМЫН ГАРЧИГ
Гарчиг The first time in print
740 ## - НОМЫН ГАРЧИГ
Гарчиг Woodland melodrama
740 ## - НОМЫН ГАРЧИГ
Гарчиг A race of song and story makers
740 ## - НОМЫН ГАРЧИГ
Гарчиг Young Oliver Goldsmith
740 ## - НОМЫН ГАРЧИГ
Гарчиг War times
740 ## - НОМЫН ГАРЧИГ
Гарчиг Storm clouds
740 ## - НОМЫН ГАРЧИГ
Гарчиг The End of a World
740 ## - НОМЫН ГАРЧИГ
Гарчиг One Foot on the Ladder
740 ## - НОМЫН ГАРЧИГ
Гарчиг Joel Builds a Reputation
740 ## - НОМЫН ГАРЧИГ
Гарчиг Savannah Humorist
740 ## - НОМЫН ГАРЧИГ
Гарчиг Romance
740 ## - НОМЫН ГАРЧИГ
Гарчиг The birth of Uncle Remus
740 ## - НОМЫН ГАРЧИГ
Гарчиг Rising Fame
740 ## - НОМЫН ГАРЧИГ
Гарчиг By the Living-Room fire
740 ## - НОМЫН ГАРЧИГ
Гарчиг The Wren's Nest
740 ## - НОМЫН ГАРЧИГ
Гарчиг A Path to His Door
740 ## - НОМЫН ГАРЧИГ
Гарчиг Uncle Remus Tells his last story
942 ## - ЭЛЕМЕНТИЙН ТӨРӨЛ
Зүйлийн төрөл Ном